| 000 | 00845nam a2200205Ii 4500 | ||
|---|---|---|---|
| 003 | JO-AjNU | ||
| 008 | 230605s9999||||xx |||||||||||||| ||und|| | ||
| 040 |
_aJO-AjNU _bara _erda _cJO-AjNU |
||
| 041 | _aara | ||
| 050 | 1 | 4 | _aBP166.89.I2675 1966 |
| 100 | 3 |
_aبن قيم الجوزية، شمس الدين أبي عبد الله , _eauthor _916918 |
|
| 245 | 0 | 0 | _aالروح لابن القيم في الكلام على أرواح الأموات والأحياء بالدلائل من الكتاب والسنة والآثار وأقوال العلماء |
| 250 | _aط3 | ||
| 264 | 3 | 1 | _aالرياض: مكتبة الرياض الحديثة، 1966 |
| 300 | _a267ص | ||
| 336 |
_atext _btxt _2rdacontent |
||
| 337 |
_aunmediated _bn _2rdamedia |
||
| 338 |
_avolume _bnc _2rdacarrier |
||
| 650 | 4 |
_aالعقيدة الاسلامية- الموت _916919 |
|
| 999 |
_aA5119 _c8687 _d8687 |
||